| 000 | 00627nam a22002297a 4500 | ||
|---|---|---|---|
| 001 | 1234 | ||
| 005 | 20230808170651.0 | ||
| 008 | 230808b cb ||||| |||| 00| 0 eng d | ||
| 020 | _a9781405494342 | ||
| 040 |
_aFISKH _beng _cFISKH _dFISKH |
||
| 050 | _aPZ7 | ||
| 082 | _a[E] | ||
| 100 | _aHayles, Karen | ||
| 245 | _aOne bear lost | ||
| 260 |
_aBath : _bParragon, _c2007. |
||
| 300 |
_a26 unnumbered pages : _c30 cm. |
||
| 505 | _aE | ||
| 520 | _aOne by one the bears disappear from view until one poor bear is left alone. | ||
| 521 |
_a310
_bLexile estimate |
||
| 521 |
_aE
_bRaz-Plus estimate |
||
| 942 |
_2ddc _cBK _n0 |
||
| 999 |
_c1234 _d1234 |
||